La Universidad Nacional de Educación a Distancia : (Record no. 57795)

MARC details
000 -CABECERA
campo de control de longitud fija 00656nam a2200193 a 4500
005 - FECHA Y HORA DE LA ÚLTIMA TRANSACCIÓN
campo de control 20210219152640.0
008 - ELEMENTOS DE LONGITUD FIJA--INFORMACIÓN GENERAL
campo de control de longitud fija 991125s1976 bar 000 0 spa u
020 ## - NÚMERO INTERNACIONAL NORMALIZADO PARA LIBROS
Número Internacional Estándar del Libro 8432991058
035 ## - NÚMERO DE CONTROL DEL SISTEMA
Número de control de sistema UPN01000057795
049 ## - COLECCIÓN
Colección CG
050 #4 - SIGNATURA TOPOGRÁFICA DE LA BIBLIOTECA DEL CONGRESO
Número de clasificación LC5373 M3
Número de documento/Ítem G3.9
100 1# - ASIENTO PRINCIPAL--NOMBRE PERSONAL
Nombre de persona García Garrido, Manuel J.
245 13 - MENCIÓN DE TÍTULO
Título La Universidad Nacional de Educación a Distancia :
Resto del título su implantación y desarrollo inicial /
Mención de responsabilidad, etc. Manuel J. García Garrido ; pról. José Luis Villar Palasi
260 ## - PUBLICACIÓN, DISTRIBUCIÓN, ETC.
Lugar de publicación, distribución, etc. Barcelona, Esp. :
Nombre del editor, distribuidor, etc. CEAC,
Fecha de publicación, distribución, etc. 1976
300 ## - DESCRIPCIÓN FÍSICA
Extensión 278 p. :
Otras características físicas il.
610 24 - ASIENTO SECUNDARIO DE MATERIA - NOMBRE CORPORATIVO
Nombre de entidad corporativa o nombre de jurisdicción como elemento de entrada UNIVERSIDAD NACIONAL DE EDUCACION A DISTANCIA (MADRID)
904 ## - ELEMENTOS DE DATOS D LOCAL, LDD (RLIN)
a AC
b 057798
905 ## - TIPO DE MATERIAL
Tipo de material Libro
Holdings
Estado de retiro Estado de pérdida Fuente del sistema de clasificación o colocación Estado dañado No para préstamo Código de colección Localización permanente Ubicación/localización actual Ubicación en estantería Enumeración/cronología de publicación seriada Total de préstamos Clasificación Código de barras Fecha visto por última vez Número de copia Tipo de ítem Koha Fecha de adquisición Precio válido a partir de
    Library of Congress Classification     Colección General Bib. Gregorio Torres Quintero Bib. Gregorio Torres Quintero Planta baja - 4 LC5373 M3 G3.9 38420 31/12/2020 1 Libro    
    Library of Congress Classification     Colección General Bib. Gregorio Torres Quintero Bib. Gregorio Torres Quintero Planta baja     LC5373 M3 G3.9 337744 17/01/2024 Ej. 2 Libro 17/01/2024 17/01/2024